00341nam a2200109Ia 4500082002000000100002000020245009600040260002800136300001000164650003700174710002000211 aTU.0012 TU.0012 aUmathe, Motiram 0aBharatiya rashtravadacha: Vaicharik va andolanatmak itihas, kalkhand 1885-1920 (in Marathi) c1974bNagpur University a232p. aNATIONALISM - INDIA - 1885-1920  aDevpujari, M.B.